000 00574nam a2200229Ia 4500
003 OSt
005 20221005131339.0
006 a|||||r|||| 00| 0
007 ta
008 221004b |||||||| |||| 00| 0 tam d
024 _a51867
037 _cTextual
040 _aCRL
_cCRL
_btam
041 _2tam
_atam
082 _aR673wL40, 31L3
100 _aSubramaniapillai
_9639473
245 0 _aSivajnamuni varalaru
260 _c1973
650 _aPHILOSOPHY
942 _hR673wL40, 31L3
_cTEXL
_2cc
999 _c1060059
_d1060059